[Event "Asia-ch U16 Girls"]
[Site "Al Ain"]
[Date "2023.12.19"]
[Round "7"]
[White "Mohd Tarmizi, Nur Uzma Bazilah"]
[Black "Nguyen, Ha Khanh Linh"]
[Result "0-1"]
[WhiteElo "1479"]
[BlackElo "1726"]
[PlyCount "122"]
[EventDate "2023.12.14"]
[EventType "swiss"]
[EventRounds "9"]
[EventCountry "UAE"]
[SourceTitle "EXT 2025"]
[Source "ChessBase"]
[SourceDate "2024.10.14"]
[SourceVersion "1"]
[SourceVersionDate "2024.10.14"]
[SourceQuality "1"]

1. e4 d6 2. d4 Nf6 3. Nc3 g6 4. Nf3 Bg7 5. Be2 0-0 6. 0-0 Bg4 7. h3 Bxf3 8. Bxf3 Nc6 9. Be3 e5 10. d5 Ne7 11. Be2 c6 12. f3 cxd5 13. Nxd5 Nfxd5 14. exd5 Nf5 15. Bf2 Bh6 16. Re1 Rc8 17. Bd3 Ng7 18. Qe2 Nh5 19. Be3 Bxe3+ 20. Qxe3 Nf4 21. Kh2 b6 22. c4 Qh4 23. Rac1 f5 24. Red1 Qg5 25. g3 Nxh3 26. Qxg5 Nxg5 27. Kg2 e4 28. fxe4 fxe4 29. Be2 e3 30. Rf1 Ne4 31. Rf4 Rce8 32. Bg4 Nc5 33. Be2 g5 34. Rf3 Rxf3 35. Kxf3 Ne4 36. Bd3 Nc5 37. Be2 Ne4 38. Bd3 Nf2 39. Ke2 Nxd3 40. Kxd3 e2 41. Re1 h5 42. Rxe2 Rxe2 43. Kxe2 Kg7 44. Kf3 Kf6 45. Ke4 a6 46. a3 a5 47. b3 Kg6 48. b4 axb4 49. axb4 Kf6 50. Kd4 h4 51. gxh4 gxh4 52. Ke4 h3 53. Kf3 Ke5 54. Kg3 Kd4 55. c5 bxc5 56. bxc5 Kxc5 57. Kxh3 Kxd5 58. Kg3 Ke4 59. Kf2 Kd3 60. Ke1 d5 61. Kd1 d4 0-1

[Event "VIE-chT (Women)"]
[Site "Hanoi"]
[Date "2023.04.18"]
[Round "2"]
[White "Luong, Phuong Hanh"]
[Black "Nguyen, Ha Khanh Linh"]
[Result "1/2-1/2"]
[WhiteElo "2029"]
[BlackElo "1777"]
[PlyCount "49"]
[EventDate "2023.04.18"]
[EventType "swiss"]
[EventRounds "9"]
[EventCountry "VIE"]
[SourceTitle "EXT 2024"]
[Source "ChessBase"]
[SourceDate "2023.10.10"]
[SourceVersion "1"]
[SourceVersionDate "2023.10.10"]
[SourceQuality "1"]

1. d4 d6 2. Nf3 g6 3. g3 Bg7 4. Bg2 Nf6 5. 0-0 0-0 6. a4 c6 7. a5 Nbd7 8. Nc3 e5 9. e4 Re8 10. dxe5 dxe5 11. h3 Qc7 12. Be3 Bf8 13. Qe2 Bb4 14. a6 bxa6 15. Qc4 Bf8 16. Nd5 Qb7 17. Nxf6+ Nxf6 18. b3 Qb5 19. Nd2 Bb4 20. Ra4 a5 21. c3 Be6 22. cxb4 Bxc4 23. Nxc4 Red8 24. Bg5 Rd4 25. Ne3 1/2-1/2

[Event "VIE-ch (Women)"]
[Site "Vung Tau"]
[Date "2023.03.04"]
[Round "3"]
[White "Nguyen, Ha Khanh Linh"]
[Black "Le, Thai Nga"]
[Result "1-0"]
[WhiteElo "1708"]
[BlackElo "1937"]
[PlyCount "47"]
[EventDate "2023.03.03"]
[EventType "swiss"]
[EventRounds "9"]
[EventCountry "VIE"]
[SourceTitle "EXT 2024"]
[Source "ChessBase"]
[SourceDate "2023.10.10"]
[SourceVersion "1"]
[SourceVersionDate "2023.10.10"]
[SourceQuality "1"]

1. d4 d5 2. c4 e6 3. Nc3 f5 4. e3 Nf6 5. Bd3 c6 6. Nge2 Bd6 7. f3 0-0 8. Qc2 Kh8 9. Bd2 dxc4 10. Bxc4 b5 11. Bd3 a6 12. 0-0-0 Nd5 13. Nxd5 cxd5 14. g4 Bd7 15. e4 Qb6 16. Qb3 a5 17. Rdg1 fxe4 18. fxe4 Rf3 19. e5 Na6 20. Rg3 Rxg3 21. hxg3 Bxe5 22. Bxh7 Bd6 23. Qf3 Qc7+ 24. Kb1 1-0

[Event "VIE-ch (Women)"]
[Site "Vung Tau"]
[Date "2023.03.03"]
[Round "1"]
[White "Le, Kieu Thien Kim"]
[Black "Nguyen, Ha Khanh Linh"]
[Result "1-0"]
[WhiteElo "2152"]
[BlackElo "1708"]
[PlyCount "61"]
[EventDate "2023.03.03"]
[EventType "swiss"]
[EventRounds "9"]
[EventCountry "VIE"]
[SourceTitle "EXT 2024"]
[Source "ChessBase"]
[SourceDate "2023.10.10"]
[SourceVersion "1"]
[SourceVersionDate "2023.10.10"]
[SourceQuality "1"]

1. d4 c5 2. e3 d5 3. Nf3 Bf5 4. dxc5 Qa5+ 5. Nc3 Nf6 6. Nd4 Bc8 7. Bb5+ Bd7 8. 0-0 e6 9. Bxd7+ Nfxd7 10. Nb3 Qb4 11. e4 dxe4 12. Qe2 Nxc5 13. Nb5 Nca6 14. Bd2 Qe7 15. Rad1 Qf6 16. Bc3 Qg5 17. Nd2 f5 18. Nc4 Kf7 19. Ncd6+ Kg6 20. Qc4 Qe7 21. Nc8 Qf7 22. Rd8 Nc6 23. Ncd6 Bxd6 24. Rxd6 Rhe8 25. Rxc6 bxc6 26. Nd6 Qd7 27. Nxe8 Nb8 28. Nxg7 Qd5 29. Qe2 e5 30. Rd1 Qc5 31. Ne8 1-0

[Event "Hanoi op (Women)"]
[Site "Hanoi"]
[Date "2022.08.28"]
[Round "9"]
[White "Doan, Thi Van Anh"]
[Black "Nguyen, Ha Khanh Linh"]
[Result "1-0"]
[WhiteElo "1948"]
[BlackElo "1770"]
[PlyCount "95"]
[EventDate "2022.08.20"]
[EventType "swiss"]
[EventRounds "9"]
[EventCountry "VIE"]
[SourceTitle "CBM 209 Extra"]
[Source "ChessBase"]
[SourceDate "2022.09.30"]
[SourceVersion "1"]
[SourceVersionDate "2022.09.30"]
[SourceQuality "1"]

1. d4 Nf6 2. Nc3 d6 3. e4 g6 4. Nf3 Bg7 5. Be2 c6 6. h3 0-0 7. Be3 d5 8. e5 Ne4 9. Nxe4 dxe4 10. Ng5 c5 11. dxc5 Qc7 12. Nxe4 Qxe5 13. Nc3 Nc6 14. 0-0 Be6 15. Bf3 Rad8 16. Qe2 Nd4 17. Bxd4 Qxd4 18. Rfd1 Qxc5 19. Ne4 Qc7 20. c3 a5 21. Qb5 b6 22. a3 Bc4 23. Qg5 h6 24. Qe3 Bb3 25. Rxd8 Rxd8 26. Re1 Be6 27. h4 Bc4 28. Ng3 e6 29. h5 g5 30. Bd1 Qc5 31. Qc1 Bd3 32. Bf3 Bc4 33. Ne4 Qe7 34. Qe3 b5 35. Qb6 a4 36. Rd1 Rxd1+ 37. Bxd1 Be5 38. Qc6 Qc7 39. Nf6+ Kf8 40. Qa8+ Ke7 41. Ng8+ Kd7 42. Nxh6 Bh2+ 43. Kh1 Qf4 44. Qb7+ Ke8 45. Qc8+ Ke7 46. Qc5+ Qd6 47. Qxg5+ Kd7 48. Nxf7 1-0

[Event "Hanoi op (Women)"]
[Site "Hanoi"]
[Date "2022.08.21"]
[Round "2"]
[White "Nguyen, Ngoc Thuy Trang"]
[Black "Nguyen, Ha Khanh Linh"]
[Result "1-0"]
[WhiteElo "1913"]
[BlackElo "1770"]
[PlyCount "87"]
[EventDate "2022.08.20"]
[EventType "swiss"]
[EventRounds "9"]
[EventCountry "VIE"]
[SourceTitle "CBM 209 Extra"]
[Source "ChessBase"]
[SourceDate "2022.09.30"]
[SourceVersion "1"]
[SourceVersionDate "2022.09.30"]
[SourceQuality "1"]

1. d4 d6 2. Nf3 Bg4 3. e4 Nd7 4. h3 Bxf3 5. Qxf3 e5 6. c3 Ngf6 7. Bc4 Be7 8. 0-0 c6 9. a4 0-0 10. Na3 a6 11. Nc2 Re8 12. g4 d5 13. exd5 e4 14. Qg3 Nb6 15. Be2 Nfxd5 16. c4 Bd6 17. f4 Nb4 18. Nxb4 Bxb4 19. Be3 f5 20. Kh1 Nc8 21. Rad1 Qf6 22. g5 Qf8 23. Bd2 Bxd2 24. Rxd2 Qb4 25. Qc3 Qe7 26. Qe3 Qc7 27. b4 a5 28. b5 Kh8 29. Rfd1 Rb8 30. Kg2 h6 31. h4 Ne7 32. Bh5 Red8 33. Bf7 Qd6 34. c5 Qd7 35. Qc3 Nd5 36. Bxd5 Qxd5 37. Kf2 Qf7 38. gxh6 Qh5 39. hxg7+ Kh7 40. Qg3 Re8 41. Ke3 Re7 42. Rg1 Rg8 43. Rdg2 Rd7 44. Qg6+ 1-0

[Event "VIE-ch U15 Girls"]
[Site "Ho Chi Minh City"]
[Date "2022.07.13"]
[Round "4"]
[White "Nguyen, Ngoc Hien1"]
[Black "Nguyen, Ha Khanh Linh"]
[Result "0-1"]
[WhiteElo "2115"]
[BlackElo "2110"]
[PlyCount "60"]
[EventDate "2022.07.11"]
[EventType "swiss"]
[EventRounds "9"]
[EventCountry "VIE"]
[SourceTitle "EXT 2023"]
[Source "ChessBase"]
[SourceDate "2022.10.05"]
[SourceVersion "1"]
[SourceVersionDate "2022.10.05"]
[SourceQuality "1"]

1. d4 d6 2. e4 Nf6 3. Nc3 g6 4. Be2 Bg7 5. h4 h5 6. Nf3 c5 7. a4 0-0 8. Ng5 Nbd7 9. Be3 a6 10. 0-0 Rb8 11. f4 Nh7 12. f5 Ndf6 13. Nxf7 Kxf7 14. fxg6+ Kxg6 15. e5 Ng4 16. Qd3+ Bf5 17. Rxf5 Rxf5 18. Bxg4 e6 19. Bxf5+ exf5 20. Rf1 Qd7 21. exd6 Nf6 22. Ne2 Rf8 23. Ng3 Ng4 24. Bg5 Qxd6 25. c3 Qd5 26. Ne2 Kh7 27. Nf4 Qf7 28. Re1 Bf6 29. Qxf5+ Kg8 30. Re6 Bxd4+ 0-1

[Event "VIE-ch (Women)"]
[Site "Tinh Bac Giang"]
[Date "2022.02.28"]
[Round "6"]
[White "Nguyen, Ha Khanh Linh"]
[Black "Nguyen, Hong Anh"]
[Result "0-1"]
[WhiteElo "1546"]
[BlackElo "1993"]
[PlyCount "112"]
[EventDate "2022.02.28"]
[EventType "swiss"]
[EventRounds "9"]
[EventCountry "VIE"]
[SourceTitle "CBM 207 Extra"]
[Source "ChessBase"]
[SourceDate "2022.05.31"]
[SourceVersion "1"]
[SourceVersionDate "2022.05.31"]
[SourceQuality "1"]

1. d4 Nf6 2. c4 g6 3. Nc3 d5 4. cxd5 Nxd5 5. e4 Nxc3 6. bxc3 Bg7 7. Bg5 c5 8. Rc1 0-0 9. Nf3 Bg4 10. d5 Qd6 11. Be2 Bxf3 12. Bxf3 Nd7 13. 0-0 b5 14. Be2 c4 15. Qd2 f5 16. f3 Nc5 17. Qe3 f4 18. Qd2 Na4 19. Bd1 Nb6 20. Qb2 e6 21. Qxb5 exd5 22. Be2 Qe6 23. a4 a6 24. Qa5 Qc6 25. Rfd1 dxe4 26. fxe4 Qxe4 27. Bf3 Qe3+ 28. Kh1 Rf5 29. Bxf4 Qxf3 30. gxf3 Rxa5 31. Bc7 Rxa4 32. Bxb6 Rb8 33. Bd4 Rb2 34. Bxg7 Kxg7 35. Ra1 Rxa1 36. Rxa1 Rb6 37. Ra4 Rc6 38. Kg2 Kf6 39. f4 Ke6 40. Kf3 Kd6 41. Ra5 Kc7 42. Ke4 Kb6 43. Ra4 Kb5 44. Rb4+ Kc5 45. Ra4 Re6+ 46. Kf3 Rd6 47. Ke4 Rd3 48. Rxa6 Rxc3 49. Ra8 Rh3 50. Rc8+ Kb4 51. Kd4 Rd3+ 52. Ke4 Rd7 53. h4 c3 54. h5 gxh5 55. f5 Kb3 56. f6 c2 0-1

[Event "VIE-ch (Women)"]
[Site "Tinh Bac Giang"]
[Date "2022.02.28"]
[Round "1"]
[White "Nguyen, Ha Khanh Linh"]
[Black "Nguyen, Ngoc Thuy Trang"]
[Result "1-0"]
[WhiteElo "1546"]
[BlackElo "1970"]
[PlyCount "93"]
[EventDate "2022.02.28"]
[EventType "swiss"]
[EventRounds "9"]
[EventCountry "VIE"]
[SourceTitle "CBM 207 Extra"]
[Source "ChessBase"]
[SourceDate "2022.05.31"]
[SourceVersion "1"]
[SourceVersionDate "2022.05.31"]
[SourceQuality "1"]

1. d4 Nf6 2. c4 g6 3. Nc3 d5 4. cxd5 Nxd5 5. e4 Nxc3 6. bxc3 Bg7 7. Bg5 c5 8. Rc1 0-0 9. Nf3 Bg4 10. d5 h6 11. Be3 Qa5 12. Qd2 Kh7 13. Be2 Nd7 14. 0-0 Rad8 15. Rfd1 Nf6 16. Qc2 Bd7 17. Nd2 Ba4 18. Nb3 Qc7 19. c4 Qe5 20. f3 b6 21. g3 e6 22. Bf4 Qh5 23. g4 Qh3 24. Bg3 Nxg4 25. fxg4 exd5 26. exd5 Rde8 27. Bf3 Bd4+ 28. Kh1 f5 29. gxf5 gxf5 30. Qg2 Qxg2+ 31. Kxg2 f4 32. Bf2 Rg8+ 33. Kf1 Bb2 34. Rc2 Bd7 35. Bh4 Bh3+ 36. Kf2 Be5 37. Re2 Bc3 38. Rxe8 Rxe8 39. d6 Bd7 40. Be7 a5 41. Nd2 Bd4+ 42. Ke2 Kg7 43. Bd5 Rc8 44. Nf3 Bg4 45. h3 Bxh3 46. Nxd4 cxd4 47. Rg1+ 1-0

[Event "VIE Cup (Women)"]
[Site "Hanoi"]
[Date "2021.??.??"]
[Round "2"]
[White "Nguyen, Ha Khanh Linh"]
[Black "Nguyen, Hong Ngoc"]
[Result "1-0"]
[WhiteElo "1546"]
[BlackElo "1957"]
[PlyCount "111"]
[EventDate "2021.05.03"]
[EventType "swiss"]
[EventRounds "9"]
[EventCountry "VIE"]
[SourceTitle "EXT 2022"]
[Source "ChessBase"]
[SourceDate "2021.10.06"]
[SourceVersion "1"]
[SourceVersionDate "2021.10.06"]
[SourceQuality "1"]

1. d4 d5 2. c4 c6 3. Nc3 Nf6 4. e3 g6 5. Nf3 Bg7 6. Bd3 0-0 7. 0-0 Nbd7 8. Qe2 b6 9. Bd2 Bb7 10. cxd5 cxd5 11. Rfc1 Ne4 12. Be1 Rc8 13. Ba6 Nxc3 14. Bxc3 Bxa6 15. Qxa6 Rc7 16. Bd2 Qc8 17. Qb5 e6 18. Rxc7 Qxc7 19. Rc1 Qb7 20. Qc6 Rb8 21. Bb4 Bf8 22. Bxf8 Kxf8 23. Qd6+ Kg8 24. Qc7 b5 25. h3 a6 26. b3 b4 27. Qd6 Rc8 28. Rxc8+ Qxc8 29. Qxb4 Qc1+ 30. Kh2 Qc7+ 31. g3 h6 32. Qe7 Qc6 33. Kg2 Kg7 34. a3 Kg8 35. b4 Kg7 36. Qe8 Qc7 37. Qe7 Qc6 38. Qe8 Qc7 39. Qe7 Qc6 40. g4 Kg8 41. Qe8+ Kg7 42. a4 Qb7 43. g5 hxg5 44. Qe7 Qc8 45. Nxg5 Nf8 46. Qxf7+ Kh6 47. Qf6 Nd7 48. Qf4 Qe8 49. Nxe6+ Kh7 50. Qh4+ Kg8 51. Qd8 Qxd8 52. Nxd8 Kf8 53. Ne6+ Ke7 54. Nc7 Kd6 55. Nxa6 Nb6 56. Nc5 1-0

[Event "VIE-chT (Women)"]
[Site "Bac Giang"]
[Date "2020.06.10"]
[Round "8.12"]
[White "Nguyen, Ha Khanh Linh"]
[Black "Nguyen, Hong Anh"]
[Result "1/2-1/2"]
[WhiteElo "1546"]
[BlackElo "1436"]
[PlyCount "106"]
[EventDate "2020.06.06"]
[EventType "swiss"]
[EventRounds "9"]
[EventCountry "VIE"]
[SourceTitle "CBM 197 Extra"]
[Source "ChessBase"]
[SourceDate "2020.09.30"]
[SourceVersion "1"]
[SourceVersionDate "2020.09.30"]
[SourceQuality "1"]

1. d4 Nf6 2. c4 g6 3. Nc3 d5 4. cxd5 Nxd5 5. e4 Nxc3 6. bxc3 Bg7 7. Bg5 c5 8. Rc1 cxd4 9. cxd4 0-0 10. d5 Qd6 11. Qd2 e6 12. Bc4 Qe5 13. f3 exd5 14. Bxd5 Nd7 15. Ne2 Nb6 16. Bb3 Bd7 17. 0-0 Ba4 18. Bf4 Qh5 19. Qe3 Bxb3 20. Rc5 Nc4 21. Qf2 Ne5 22. axb3 Rad8 23. g4 Nxf3+ 24. Kh1 Qxg4 25. Qxf3 Qe6 26. Rd5 Rc8 27. Rd6 Qe7 28. Rd3 Rfe8 29. Ng3 Rc2 30. Bd6 Qe6 31. e5 Rec8 32. Ne4 h6 33. Rd2 Rc1 34. Rdf2 Rxf1+ 35. Rxf1 b6 36. b4 Rc2 37. Nf6+ Bxf6 38. Qxf6 Qa2 39. Qf4 Qd5+ 40. Qf3 Qa2 41. Qg3 Qd5+ 42. Kg1 Qd4+ 43. Rf2 Qa1+ 44. Kg2 Qa2 45. Qf3 Rxf2+ 46. Qxf2 Qd5+ 47. Kg3 h5 48. h3 a5 49. bxa5 bxa5 50. Qe3 Kh7 51. Bf8 h4+ 52. Kg4 Qd7+ 53. e6 fxe6 1/2-1/2

[Event "VIE-chT (Women)"]
[Site "Bac Giang"]
[Date "2020.06.08"]
[Round "5.14"]
[White "Nguyen, Ha Khanh Linh"]
[Black "Nguyen, Thi Thu Quyen"]
[Result "1-0"]
[WhiteElo "1546"]
[BlackElo "2017"]
[PlyCount "103"]
[EventDate "2020.06.06"]
[EventType "swiss"]
[EventRounds "9"]
[EventCountry "VIE"]
[SourceTitle "CBM 197 Extra"]
[Source "ChessBase"]
[SourceDate "2020.09.30"]
[SourceVersion "1"]
[SourceVersionDate "2020.09.30"]
[SourceQuality "1"]

1. d4 d5 2. c4 c6 3. Nc3 Nf6 4. e3 e6 5. Nf3 Be7 6. b3 Ne4 7. Bd2 Nd7 8. Bd3 f5 9. 0-0 0-0 10. a3 Bf6 11. b4 g5 12. Ne1 Bg7 13. f3 Nxd2 14. Qxd2 Nf6 15. Rd1 Bd7 16. e4 dxc4 17. Bxc4 f4 18. Nd3 Qe7 19. Rfe1 Kh8 20. Ne5 Rad8 21. d5 Nh5 22. d6 Qf6 23. Nxd7 Rxd7 24. e5 Qg6 25. Qd3 Qh6 26. Qd4 Rfd8 27. Ne4 b6 28. Bb3 Qg6 29. Ba4 g4 30. fxg4 Qxg4 31. Nf2 Qg5 32. Bxc6 Rf7 33. Bf3 Bf8 34. Qc4 Ng7 35. Ng4 h5 36. Nf6 Rxf6 37. exf6 Qxf6 38. d7 Be7 39. Qc7 h4 40. Qe5 Qh6 41. Bg4 a5 42. bxa5 bxa5 43. a4 Bf6 44. Qd6 Qg6 45. h3 Qg5 46. Rc1 Be7 47. Qd3 Bc5+ 48. Kh1 Qe7 49. Red1 e5 50. Qb5 Bd4 51. Rc8 Kh7 52. Qb8 1-0

[Event "VIE-ch (Women)"]
[Site "Ho Chi Minh City"]
[Date "2019.05.02"]
[Round "2"]
[White "Nguyen, Thi Minh Thu"]
[Black "Nguyen, Ha Khanh Linh"]
[Result "1-0"]
[WhiteElo "1915"]
[BlackElo "1500"]
[PlyCount "115"]
[EventDate "2019.05.02"]
[EventType "swiss"]
[EventRounds "9"]
[EventCountry "VIE"]
[SourceTitle "CBM 190 Extra"]
[Source "ChessBase"]
[SourceDate "2019.07.15"]
[SourceVersion "1"]
[SourceVersionDate "2019.07.15"]
[SourceQuality "1"]

1. d4 Nf6 2. c4 e6 3. Nc3 Bb4 4. Nf3 b6 5. g3 Bb7 6. Bg2 d6 7. Qa4+ Nc6 8. 0-0 Bxc3 9. bxc3 0-0 10. Nd2 Na5 11. e4 c5 12. d5 a6 13. Rd1 exd5 14. cxd5 b5 15. Qc2 Nd7 16. c4 Nb6 17. Bf1 Qd7 18. Bb2 Na4 19. Rab1 Nxb2 20. Qxb2 bxc4 21. Nxc4 Nxc4 22. Bxc4 Bc8 23. Be2 Qe7 24. Bf3 f6 25. Bg2 Bg4 26. Rd3 Rfc8 27. f3 Bh5 28. Rb3 Be8 29. Rb7 Qe5 30. Qxe5 fxe5 31. Bh3 Rd8 32. f4 Bb5 33. Be6+ Kh8 34. Rf7 Rab8 35. Kf2 h6 36. fxe5 dxe5 37. Ke3 Bc4 38. Rxb8 Rxb8 39. Rc7 Bxa2 40. Rxc5 g5 41. Rc8+ Rxc8 42. Bxc8 Kg7 43. Bxa6 Kf7 44. Be2 Bb3 45. Kd3 Ke7 46. h4 Ba4 47. Kc4 Kd6 48. Bg4 Be8 49. Bf5 Ba4 50. Kb4 Be8 51. Kc4 Ba4 52. h5 Be8 53. g4 Ba4 54. Kb4 Be8 55. Be6 Ke7 56. Kc5 Ba4 57. Bf5 Kd8 58. Kd6 1-0

[Event "Wch U12 Girls"]
[Site "Weifang"]
[Date "2019.??.??"]
[Round "?"]
[White "Nguyen, Ha Khanh Linh"]
[Black "Manko, Mariya"]
[Result "0-1"]
[WhiteElo "1500"]
[BlackElo "1895"]
[PlyCount "165"]
[EventDate "2019.08.21"]
[EventType "swiss"]
[EventRounds "11"]
[EventCountry "CHN"]
[SourceTitle "EXT 2020"]
[Source "ChessBase"]
[SourceDate "2019.10.17"]
[SourceVersion "1"]
[SourceVersionDate "2019.10.17"]
[SourceQuality "1"]

1. d4 Nf6 2. c4 c5 3. d5 b5 4. Qc2 Na6 5. a3 bxc4 6. e4 e6 7. Bxc4 exd5 8. exd5 Bd6 9. Nc3 0-0 10. Nge2 Nc7 11. 0-0 Bb7 12. Bf4 Qe7 13. Bxd6 Qxd6 14. Ng3 Qf4 15. Qd3 Ng4 16. Qe4 Qg5 17. Qf5 Qh4 18. Qh5 Qxh5 19. Nxh5 Ne5 20. Ba2 d6 21. Rad1 Ba6 22. Rfe1 Rab8 23. Rd2 Rfe8 24. Rb1 Nc4 25. Bxc4 Bxc4 26. Ng3 Nb5 27. Nxb5 Rxb5 28. Nf5 Rb6 29. h3 g6 30. Ne3 Bb3 31. g3 f5 32. Rc1 Re5 33. Rc3 Kg7 34. f3 Re7 35. Kf2 Kf6 36. h4 h6 37. Rc1 Rg7 38. Re2 a6 39. Rd2 a5 40. Re1 Re7 41. Rc1 Rb8 42. Ng2 Re5 43. Ne3 Re7 44. Ng2 Rh7 45. Rh1 a4 46. Ne3 Rbb7 47. Re1 Rh8 48. Ng2 Re7 49. Rxe7 Kxe7 50. Nf4 Kf7 51. Nh3 Kf6 52. f4 Re8 53. Ng1 g5 54. Ne2 gxh4 55. gxh4 Rg8 56. Nc3 Rg4 57. Kf3 Rxh4 58. Re2 Kf7 59. Rd2 h5 60. Ne2 Kg6 61. Ng3 Rg4 62. Nf1 h4 63. Ne3 Rg3+ 64. Kf2 Kf6 65. Re2 Rg7 66. Re1 Rh7 67. Rh1 Ba2 68. Rh2 Bb1 69. Rh1 Be4 70. Rh2 Rh8 71. Kg1 Kg6 72. Kf2 Kh5 73. Kf1 Rb8 74. Kg1 Rb3 75. Nc4 Bxd5 76. Nxd6 Kg6 77. Ne8 Bf3 78. Nc7 h3 79. Rd2 Kf6 80. Kh2 Kg6 81. Ne6 Re3 82. Nxc5 Re1 83. Rd4 0-1

[Event "Wch U10 Girls"]
[Site "Santiago de Compostela"]
[Date "2018.11.12"]
[Round "8"]
[White "Nguyen, Ha Khanh Linh"]
[Black "Velea, Sophie"]
[Result "0-1"]
[WhiteElo "1449"]
[BlackElo "1593"]
[PlyCount "172"]
[EventDate "2018.11.04"]
[EventType "swiss"]
[EventRounds "11"]
[EventCountry "ESP"]
[SourceTitle "EXT 2022"]
[Source "ChessBase"]
[SourceDate "2021.10.06"]
[SourceVersion "1"]
[SourceVersionDate "2021.10.06"]
[SourceQuality "1"]

1. d4 d5 2. Nf3 e6 3. c4 Be7 4. Nc3 Nf6 5. Bg5 h6 6. Bh4 0-0 7. e3 b6 8. cxd5 Nxd5 9. Bxe7 Qxe7 10. e4 Nxc3 11. bxc3 Bb7 12. Bd3 Nd7 13. 0-0 c5 14. Rc1 Rac8 15. Qe2 Rc7 16. Qb2 Rfc8 17. Nd2 Qf6 18. e5 Qg5 19. Be4 Ba6 20. Rfe1 cxd4 21. cxd4 f5 22. Bf3 Qe7 23. h3 Nf8 24. Nb3 Bc4 25. Nd2 b5 26. Nxc4 bxc4 27. Rc3 Nd7 28. d5 exd5 29. Bxd5+ Kh8 30. Qe2 Nb6 31. Bf3 Qe6 32. g4 Re8 33. gxf5 Qxf5 34. Bg4 Qg6 35. Rg3 Qc6 36. Bf5 Rce7 37. Rg6 Qd5 38. f4 Qd4+ 39. Qf2 Qd5 40. Be4 Qf7 41. Rg4 Rf8 42. Bg6 Qd5 43. Qe3 Rc8 44. f5 Qc5 45. Rd4 Nd5 46. Qf2 c3 47. Rdd1 c2 48. Qxc5 Rxc5 49. Rc1 Nb4 50. f6 gxf6 51. a3 Nc6 52. Rxc2 Rxc2 53. Bxc2 Nd4 54. Be4 Rxe5 55. Kf2 Nb5 56. a4 Nc3 57. Bc2 Rxe1 58. Kxe1 Kg7 59. Kf2 Kf7 60. Kf3 Ke6 61. Kg4 Ne2 62. Bd1 f5+ 63. Kf3 Nd4+ 64. Kf4 Kf6 65. h4 Ne6+ 66. Ke3 Ke5 67. Bc2 f4+ 68. Kf2 Nd4 69. Bd3 Nf5 70. h5 Ng3 71. Bg6 Kf6 72. Kg2 Kg5 73. Kf3 Nf5 74. Be8 Nh4+ 75. Ke4 Kg4 76. Kd5 f3 77. Bb5 Nf5 78. Kc6 Nd4+ 79. Kb7 Nxb5 80. axb5 f2 81. Kxa7 f1Q 82. b6 Qa1+ 83. Kb8 Kxh5 84. b7 Kg4 85. Kc7 Qb2 86. Kc8 h5 0-1